[Event "Unive Open"]
[Site "Hoogeveen NED"]
[Date "2010.10.29"]
[Round "8"]
[White "Dvirnyy,D"]
[Black "Ernst,S"]
[Result "1/2-1/2"]
[WhiteElo "2481"]
[BlackElo "2587"]

1.c4 c6 2.e4 d5 3.exd5 cxd5 4.d4 Nf6 5.Nc3 e6 6.Nf3 Bb4 7.cxd5 exd5 8.Ne5 O-O
9.Bd3 h6 10.O-O Nc6 11.Be3 Re8 12.f4 Ne7 13.g4 Bxc3 14.bxc3 Ne4 15.f5 Nc6
16.Bxe4 Nxe5 17.dxe5 Rxe5 18.Rf4 Qe8 19.Bxd5 Rxe3 20.Qd4 Bd7 21.Be6 Rxe6
22.fxe6 Bxe6 23.Qd2 Rd8 24.Rd4 Rxd4 25.Qxd4 Qc6 26.Rf1 Bxa2 27.Qxa7 Bc4 28.Rf4 Be6
29.Qd4 b5 30.h3 Qc7 31.Rf3 Qc6 32.Rf4 Qc7 33.Qe3 Qc6 34.Rd4 Bc4 35.h4 Qg6
36.Kh2 Qf6 37.Kg3 g5 38.h5 Kg7 39.Rd7 Qf1 40.Qd4+ Kh7 41.Qe4+ Kg7 42.Qe5+ Qf6
43.Qd4 Qxd4 44.cxd4 b4 45.d5 b3 46.d6 Kf6 47.Rc7 Be6 48.Rb7 Bd5 49.Rb5 Bc4
50.Rb4 Be6 51.Rb6 Ke5 52.Rxb3 Kxd6 53.Rb8 Ke7 54.Rh8 Kf6 55.Rxh6+ Kg7 56.Rxe6 fxe6
57.Kf3 Kf7 58.Ke4 Kf6 59.Kd4 Kf7 60.Ke5 Ke7 61.h6 Kf7 62.h7 Kg7 63.Kxe6 Kxh7
64.Kf6 Kh8 65.Kxg5 Kg7 66.Kf5 Kf7  1/2-1/2

[Event "11th Liberec Open"]
[Site "Liberec CZE"]
[Date "2010.10.29"]
[Round "8"]
[White "Jorgensen,J"]
[Black "Bartos,J"]
[Result "1-0"]
[WhiteElo "2277"]
[BlackElo "2183"]

1.c4 c6 2.Nf3 d5 3.d4 Nf6 4.Bf4 dxc4 5.e3 b5 6.a4 a6 7.axb5 cxb5 8.b3 e5
9.dxe5 Bb4+ 10.Nfd2 Ne4 11.bxc4 g5 12.Bg3 h5 13.f3 Nxg3 14.hxg3 Qb6 15.Qb3 a5
16.Kf2 Nd7 17.Ne4 Nxe5 18.c5 Bxc5 19.Qxb5+ Bd7 20.Qxc5 Qb2+ 21.Kg1 Qxa1 22.Nbc3 Ng6
23.Nf6+ Kd8 24.Qd4 Kc8 25.Qxd7+ Kb8 26.Qb5+ Kc7 27.Ncd5+ Kd6 28.Ne4+  1-0

[Event "Chigorin Mem Classic Open"]
[Site "St Petersburg RUS"]
[Date "2010.10.29"]
[Round "2"]
[White "Vakhlamov,I"]
[Black "Martynenko,Al"]
[Result "1/2-1/2"]
[WhiteElo "2287"]
[BlackElo "2051"]

1.c4 c6 2.e4 d5 3.exd5 cxd5 4.cxd5 Nf6 5.Nc3 Nbd7 6.Nf3 Nb6 7.Qb3 a6 8.d4 Nbxd5
9.Bc4 e6 10.O-O Nxc3 11.bxc3 b5 12.Bd3 Bd6 13.a4 bxa4 14.Qxa4+ Bd7 15.Qc2 a5
16.Ne5 Nd5 17.Nxd7 Qxd7 18.Be4 f5 19.Bf3 O-O 20.c4 Nb4 21.Qe2 Ra7 22.Re1 Re8
23.Bb2 Bb8 24.g3 Qd8 25.Rad1 Rae7 26.c5 Nd5 27.Qc4 f4 28.Rxe6 Rxe6 29.Bxd5 Qf6
30.c6 Qf7 31.Bxe6 Rxe6 32.d5 Rh6 33.Re1 fxg3 34.hxg3 Qh5 35.d6+ Kf8 36.Bxg7+ Kxg7
37.Re7+ Kf8 38.Qf4+ Kg8 39.Re8+ Qxe8 40.Qxh6 Qe1+ 41.Kg2 Qe5 42.c7 Bxc7 43.dxc7 Qxc7
44.Qe6+ Kg7 45.Qg4+  1/2-1/2

[Event "20th World Seniors"]
[Site "Arco ITA"]
[Date "2010.10.30"]
[Round "5"]
[White "Lucena,L"]
[Black "Jadrijevic,A"]
[Result "1-0"]
[WhiteElo "2129"]
[BlackElo "2242"]

1.c4 c6 2.Nc3 d5 3.d4 Nf6 4.Nf3 dxc4 5.a4 e6 6.Ne5 c5 7.e3 cxd4 8.exd4 Nc6
9.Nxc6 bxc6 10.Bxc4 Bb4 11.O-O Qa5 12.Qf3 Bb7 13.Qg3 O-O 14.Bg5 Be7 15.Be2 Rfd8
16.Rfd1 Rd7 17.Rab1 Qd8 18.Be3 a5 19.Rbc1 Rc8 20.h4 Kh8 21.h5 h6 22.Qh3 Ba8
23.Bf3 Rb8 24.Rc2 Rb4 25.Rdd2 Nd5 26.Nxd5 cxd5 27.Rd3 Rxa4 28.Rdc3 Ra1+ 29.Kh2 Bd6+
30.g3 Bb7 31.Bf4 Bxf4 32.gxf4 Qb8 33.Qg3 Ra4 34.f5 Qxg3+ 35.Kxg3 exf5 36.Rc7 Rxc7
37.Rxc7 Rb4 38.Rxf7 Kg8 39.Rxb7 Rxd4 40.Rb5 a4 41.Rxd5 f4+ 42.Kg2 Rb4 43.Rf5 g5
44.hxg6 Kg7 45.Bh5 Rxb2 46.Rf7+ Kg8 47.Bf3 Rb5 48.Be4 Ra5 49.Rd7  1-0

[Event "WY Girls-U12"]
[Site "Porto Carras GRE"]
[Date "2010.10.30"]
[Round "11.3"]
[White "Goryachkina,A"]
[Black "Osmak,Iulija"]
[Result "0-1"]
[WhiteElo "2057"]
[BlackElo "1979"]

1.c4 c6 2.Nc3 d5 3.d4 Nf6 4.Nf3 a6 5.e3 b5 6.b3 Bg4 7.Be2 e6 8.O-O Bb4 9.Bb2 O-O
10.Ne5 Bxe2 11.Qxe2 Qb6 12.Rfd1 Nbd7 13.Nxd7 Nxd7 14.e4 Nf6 15.e5 Nd7 16.c5 Qd8
17.Nb1 f6 18.a3 Ba5 19.b4 Bc7 20.f4 fxe5 21.fxe5 a5 22.Nd2 Qg5 23.Nf3 Qg6
24.Bc3 Bd8 25.Be1 axb4 26.axb4 Be7 27.Bc3 h6 28.Rf1 Bg5 29.Bd2 Bxd2 30.Nxd2 Qc2
31.Rxf8+ Rxf8 32.Qe3 Qb2 33.Rb1 Qa2 34.Qc3 Ra8 35.Qd3 Ra3 36.Rb3 Qa1+ 37.Kf2 Ra2
38.Qe3 Qd1 39.Rd3 Qa4 40.Qh3 Nf8 41.Kg1 Qxb4 42.Nf1 Qb2 43.Rd2 Qa1 44.Rd3 b4
45.Qh4 Ng6 46.Qg4 Kh7 47.Rb3 Qe1 48.Qg3 Qe4 49.Qf3 Qxd4+ 50.Qe3 Qg4 51.g3 Qc4
52.Qf3 Nxe5 53.Qd1 Qxc5+ 54.Ne3 Ng6 55.h4 Ra3 56.h5 Ne7 57.Qd3+ Nf5  0-1

[Event "14th OIBM"]
[Site "Bad Wiessee GER"]
[Date "2010.10.31"]
[Round "2.15"]
[White "Eingorn,V"]
[Black "Astengo,C"]
[Result "1-0"]
[WhiteElo "2562"]
[BlackElo "2150"]

1.c4 c6 2.Nf3 Nf6 3.d4 d5 4.Nc3 e6 5.Bg5 Nbd7 6.cxd5 exd5 7.e3 Be7 8.Qc2 Nf8
9.Bd3 Ne6 10.Bh4 g6 11.O-O Ng7 12.b4 a6 13.Rab1 Bf5 14.a4 Bxd3 15.Qxd3 b5
16.Bxf6 Bxf6 17.e4 bxa4 18.Nxa4 O-O 19.e5 Be7 20.Nc5 Ne6 21.g3 a5 22.Nb7 Qc8
23.Nxa5 Bxb4 24.Nxc6 Ra3 25.Rb3 Rxb3 26.Qxb3 Qxc6 27.Qxb4 Qc2 28.Qa5 Qb3
29.Kg2 Rc8 30.Re1 Rc2 31.Qa1 Rc3 32.Qd1 Qc4 33.h4 Rd3 34.Qa1 Nxd4 35.Nxd4 Qxd4
36.Qa8+ Kg7 37.Qd8 Rd2 38.Qf6+ Kg8 39.Qd8+ Kg7 40.Qf6+ Kg8 41.Rc1 Qe4+ 42.Kg1 Rc2
43.Rxc2 Qxc2 44.Qd8+ Kg7 45.Qxd5 Qb1+ 46.Kg2 Qe1 47.Qd4 Kg8 48.Qd8+ Kg7 49.Qf6+ Kg8
50.Qd8+ Kg7 51.Qd4 Kg8 52.h5 Qc1 53.Qd8+ Kg7 54.Qf6+ Kg8 55.g4 Qd1 56.Qf4 gxh5
57.Qg5+ Kf8 58.gxh5 Ke8 59.e6 fxe6 60.Qg8+ Ke7 61.Qxh7+ Kd6 62.Qg6 Qd5+ 63.Kh2 Ke7
64.Qg7+ Ke8 65.h6 Qf3 66.Kg1 Qd1+ 67.Kg2 Qd5+ 68.Kg3 Qd3+ 69.f3 Qe3 70.Qf6 Qg1+
71.Kh4 Qh2+ 72.Kg5 Kd7 73.Qf7+  1-0

[Event "VII Open"]
[Site "Figueira da Foz POR"]
[Date "2010.10.31"]
[Round "1.18"]
[White "Santos,Pe"]
[Black "Diogo,V"]
[Result "0-1"]
[WhiteElo "1874"]
[BlackElo "2271"]

1.c4 c6 2.d4 d5 3.Nf3 Nf6 4.Nc3 a6 5.Bg5 dxc4 6.e4 b5 7.Be2 Bg4 8.O-O b4
9.Nb1 Nxe4 10.Bf4 e6 11.Qc2 Nd6 12.Nbd2 Be7 13.Nxc4 Nb5 14.Rfd1 O-O 15.Kh1 Ra7
16.Nce5 Bxf3 17.Nxf3 Rd7 18.Qc4 Qb6 19.Rac1 Rc8 20.Rc2 Rd5 21.Rcd2 Nd7 22.Bd3 Nf6
23.Bc2 Qd8 24.Ne5 c5 25.dxc5 Bxc5 26.Rxd5 exd5 27.Qd3 Ne4 28.Qh3  0-1

[Event "CONPET Cup 2010"]
[Site "Ploiesti ROU"]
[Date "2010.10.31"]
[Round "9.4"]
[White "Chiru,A"]
[Black "Dobrin,C"]
[Result "1-0"]
[WhiteElo "1862"]
[BlackElo "1883"]

1.c4 c6 2.Nc3 d5 3.cxd5 cxd5 4.d4 Nc6 5.Nf3 Nf6 6.Bf4 Bf5 7.a3 e6 8.e3 Bd6
9.Bxd6 Qxd6 10.Bd3 Bxd3 11.Qxd3 O-O 12.O-O Rfc8 13.Rfc1 Na5 14.Nd2 Qd7 15.f3 Nc4
16.Nxc4 Rxc4 17.e4 Rac8 18.e5 Ne8 19.f4 Qc6 20.Rd1 g6 21.Rd2 b5 22.Rf1 a5
23.g4 Ng7 24.Rg2 b4 25.axb4 axb4 26.Ne2 Rc2 27.f5 Qc4 28.Qf3 Rf8 29.f6 Ne8
30.b3 Qc6 31.h4 Kh8 32.g5 Qa6 33.h5 gxh5 34.Qxh5 Qd3 35.Rh2 Qe3+ 36.Rff2 Qe4
37.Rh4 Qg6 38.Rfh2  1-0

[Event "14th OIBM"]
[Site "Bad Wiessee GER"]
[Date "2010.11.01"]
[Round "4.10"]
[White "Carlstedt,J"]
[Black "Naumann,Al"]
[Result "1/2-1/2"]
[WhiteElo "2376"]
[BlackElo "2544"]

1.c4 c6 2.g3 d5 3.Nf3 Nf6 4.Bg2 dxc4 5.O-O Nbd7 6.Qc2 Nb6 7.a4 a5 8.Na3 Nfd5
9.Nxc4 Nb4 10.Qb3 Nxc4 11.Qxc4 Be6 12.Qc3 Nd5 13.Qd4 Nb4 14.Qc3 Nd5 15.Qd4 Nb4
16.Qc3  1/2-1/2

[Event "Chigorin Mem Classic Open"]
[Site "St Petersburg RUS"]
[Date "2010.11.01"]
[Round "5"]
[White "Malakhov,I"]
[Black "Lafuente,P"]
[Result "1-0"]
[WhiteElo "2425"]
[BlackElo "2565"]

1.c4 c6 2.Nf3 Nf6 3.g3 d5 4.Bg2 dxc4 5.Na3 Qd5 6.Nh4 Qc5 7.Qc2 Be6 8.b3 Qd4
9.Bb2 cxb3 10.axb3 Qb6 11.Nc4 Bxc4 12.bxc4 e6 13.O-O Be7 14.Rfb1 Qc7 15.Bd4 Nbd7
16.Qb3 Bc5 17.Bxc5 Nxc5 18.Qe3 Na6 19.Nf5 h6 20.Rxb7  1-0

[Event "16th Venetian Chess Autumn"]
[Site "Venice ITA"]
[Date "2010.11.01"]
[Round "4.18"]
[White "Losso,A"]
[Black "Velluti,A"]
[Result "0-1"]
[WhiteElo "1791"]
[BlackElo "1944"]

1.c4 c6 2.g3 d5 3.Bg2 dxc4 4.Nf3 Nd7 5.O-O Ngf6 6.a4 g6 7.Na3 Bg7 8.Nxc4 O-O
9.d3 Nb6 10.Qc2 Nxc4 11.dxc4 Bf5 12.Qb3 Qc8 13.Ne5 Ne4 14.Nd3 Nf6 15.Rd1 Rd8
16.f3 Qd7 17.Be3 b6 18.Bf2 Qc7 19.e4 Bc8 20.e5 Ne8 21.f4 e6 22.Nb4 Bb7 23.c5 Bf8
24.Rdc1 bxc5 25.Bxc5 Bxc5+ 26.Rxc5 Qb6 27.Qc3 a5 28.Nc2 Nc7 29.Kh1 Nd5 30.Bxd5 cxd5
31.Nd4 Rac8 32.Rb5 Rxc3 33.Rxb6 Rc7 34.Kg1 Rc4 35.Rxb7 Rxd4 36.Ra7 Rb8 37.Rxa5 Rxb2
38.Ra8+ Kg7 39.a5 Rdd2 40.a6 Rg2+ 41.Kh1 Rxh2+ 42.Kg1 Rhg2+ 43.Kf1 Rgf2+
44.Kg1 Ra2 45.Rb1 Rg2+ 46.Kf1 Rxg3 47.Rb7 Rf3+ 48.Ke1 Rh3  0-1

[Event "Chigorin Mem Classic Open"]
[Site "St Petersburg RUS"]
[Date "2010.11.02"]
[Round "6"]
[White "Ulko,J"]
[Black "Charochkina,D"]
[Result "1-0"]
[WhiteElo "2451"]
[BlackElo "2303"]

1.c4 c6 2.e4 d5 3.exd5 cxd5 4.d4 Nf6 5.Nc3 e6 6.Nf3 Bb4 7.cxd5 Nxd5 8.Qc2 Nc6
9.Bd3 h6 10.O-O O-O 11.a3 Be7 12.Rd1 Bd7 13.Qe2 Rc8 14.Qe4 f5 15.Qe2 Nxc3
16.bxc3 Bf6 17.Bc4 Kh8 18.Ba2 Qc7 19.Rb1 e5 20.dxe5 Nxe5 21.Bd5 Ba4 22.Re1 Nxf3+
23.Qxf3 Qxc3 24.Be3 b6 25.Rbc1 Qe5 26.Rxc8 Rxc8 27.Bd2 Qd6 28.Be3 Rc3 29.Rf1 Bd7
30.Bb7  1-0

[Event "Chigorin Mem Classic Open"]
[Site "St Petersburg RUS"]
[Date "2010.11.03"]
[Round "7"]
[White "Smirnov,Arte"]
[Black "Khakimov,T"]
[Result "1/2-1/2"]
[WhiteElo "2426"]
[BlackElo "2288"]

1.c4 c6 2.Nf3 d5 3.e3 Nf6 4.Nc3 a6 5.Qc2 g6 6.b3 Bg7 7.Bb2 O-O 8.Be2 b5 9.O-O Bf5
10.Qc1 Re8 11.cxd5 cxd5 12.Nd4 Bg4 13.f4 Bxe2 14.Ncxe2 Ra7 15.Nc6 Nxc6 16.Qxc6 Qa8
17.Rac1 Ne4 18.Bxg7 Kxg7 19.d3 Nd6 20.Qc3+ Kg8 21.Qe5 Nf5 22.Rc5 Rd7 23.Rfc1 Rd6
24.Ng3 Re6 25.Qxd5 Nxe3 26.Qxa8 Rxa8 27.Ne4 Rd8 28.Rc8 Rxc8 29.Rxc8+ Kg7
30.Rc5 f5 31.Ng5 Rd6 32.Kf2 Nd5 33.g3 Nb4 34.Rc7 Nd5 35.Rc8 h6 36.Nf3 Nb4
37.Rc7 Nxd3+ 38.Ke2 Kf6 39.Rc3 Nb4 40.a3 Nc6 41.Rc5 Nd4+ 42.Nxd4 Rxd4 43.h4 Ke6
44.Rc6+ Rd6 45.Rc5 Kd7 46.h5 Rf6 47.a4 bxa4 48.bxa4 gxh5 49.Kf3 Ke6 50.Re5+ Kd6
51.Kg2 h4  1/2-1/2

[Event "14th OIBM"]
[Site "Bad Wiessee GER"]
[Date "2010.11.04"]
[Round "7.15"]
[White "Carlstedt,J"]
[Black "Kindermann,S"]
[Result "1/2-1/2"]
[WhiteElo "2376"]
[BlackElo "2526"]

1.c4 c6 2.g3 d5 3.Nf3 Bg4 4.Ne5 Be6 5.Bg2 Nd7 6.Nxd7 Qxd7 7.cxd5 cxd5 8.d4 Bf5
9.Nc3 e6 10.Bf4 Nf6 11.O-O Be7 12.Rc1 Rc8 13.Qa4 Qxa4 14.Nxa4 O-O 15.f3 Nd7
16.e4 Bg6 17.exd5 exd5 18.Bh3 f5 19.Rfd1 Bf6 20.Be3 Nb6 21.Nxb6 axb6 22.Bf1  1/2-1/2

[Event "VII Open"]
[Site "Figueira da Foz POR"]
[Date "2010.11.04"]
[Round "6.24"]
[White "Bray,D"]
[Black "Carapeto,R"]
[Result "1-0"]
[WhiteElo "1945"]
[BlackElo "1891"]

1.c4 c6 2.g3 d5 3.cxd5 cxd5 4.Nf3 Nc6 5.Bg2 Nf6 6.O-O e5 7.d4 e4 8.Ne5 Qb6
9.Nxc6 bxc6 10.Nc3 Bd6 11.Na4 Qc7 12.Bg5 Nd7 13.Qc1 Ba6 14.Re1 O-O 15.Bf4 Rab8
16.Bxd6 Qxd6 17.b3 Bb5 18.Nc3 f5 19.Qf4 Qxf4 20.gxf4 Nf6 21.Rac1 Rbc8 22.Bh3 g6
23.e3 Bd3 24.Bf1 c5 25.dxc5 Rxc5 26.Na4 Rcc8 27.Nc5 Bxf1 28.Kxf1 d4 29.Ne6 Rfe8
30.Nxd4 Nd5 31.Rxc8 Rxc8 32.a3 Rc3 33.Rd1 a5 34.Ne2 Rc5 35.Ke1 Nf6 36.Nd4 Kf7
37.b4 axb4 38.axb4 Rc4 39.b5 Rb4 40.Rc1 Nd5 41.Kd2 Nxf4 42.exf4 Rxd4+ 43.Kc3 Rd3+
44.Kc4 Rd2 45.Rb1 Rxf2 46.b6 Rc2+ 47.Kd5 Rd2+ 48.Ke5  1-0

[Event "Chigorin Mem Classic Open"]
[Site "St Petersburg RUS"]
[Date "2010.11.04"]
[Round "8"]
[White "Bocharov,D"]
[Black "Lintchevski,D"]
[Result "1/2-1/2"]
[WhiteElo "2612"]
[BlackElo "2528"]

1.c4 c6 2.Nf3 d5 3.e3 Nf6 4.Nc3 a6 5.b3 Bf5 6.Be2 h6 7.Ba3 Nbd7 8.O-O e6
9.Bxf8 Nxf8 10.d4 N8d7 11.b4 O-O 12.Qb3 Qe7 13.cxd5 cxd5 14.a4 b6 15.a5 Rfb8
16.axb6 Rxb6 17.Ra4 Rab8 18.Na2 Bg4 19.Rc1 Ne4 20.Qa3 Ng5 21.Rxa6 Bxf3 22.Bxf3 Nxf3+
23.gxf3 Qg5+ 24.Kf1 Qh5 25.Ke2 Rxa6 26.Qxa6 Nb6 27.Nc3 Qxh2 28.Na4 Ra8 29.Qxb6 Rxa4
30.Qc5 Ra2+ 31.Rc2 Ra1 32.Rc1 Ra2+ 33.Rc2 Ra1 34.Rc1 Ra2+  1/2-1/2

[Event "Magistral Barcelona"]
[Site "Barcelona ESP"]
[Date "2010.11.06"]
[Round "3"]
[White "Bruzon Batista,L"]
[Black "Cuartas,Ja"]
[Result "1/2-1/2"]
[WhiteElo "2668"]
[BlackElo "2534"]

1.c4 c6 2.Nf3 d5 3.d4 Nf6 4.Qc2 e6 5.Nbd2 Nbd7 6.g3 Be7 7.Bg2 O-O 8.O-O b6
9.e4 Bb7 10.e5 Ne8 11.cxd5 exd5 12.Re1 Nc7 13.Nf1 Ne6 14.Ne3 Re8 15.Bd2 c5
16.Bc3 cxd4 17.Nxd4 Nxd4 18.Bxd4 Bb4 19.Red1 Nxe5 20.Qb3 Nc6 21.Bxd5 Qd7
22.Bc3 Bxc3 23.Qxc3 Rad8 24.Rac1 h6 25.Bg2 Qe6 26.Nd5 Qe5 27.Qxe5 Nxe5 28.Rc7 Rd7
29.Rxd7 Nxd7 30.Nc7 Re7 31.Bxb7 Nc5 32.Nb5 Rxb7 33.Rd8+ Kh7 34.b4 Ne4 35.Ra8 Rd7
36.Rxa7 Rd1+ 37.Kg2 f5 38.Nc7 Rd2 39.Ne6 Nxf2 40.Rxg7+ Kh8 41.Ra7 Ng4+ 42.Kg1 Rd1+
43.Kg2 Rd2+ 44.Kg1 Rd1+ 45.Kg2  1/2-1/2

[Event "TCh-NOR Attack-serien 2010-11"]
[Site "Oslo NOR"]
[Date "2010.11.06"]
[Round "2"]
[White "Solberg,J"]
[Black "Laverton,C"]
[Result "1/2-1/2"]
[WhiteElo "2223"]
[BlackElo "2015"]

1.c4 c6 2.e4 d5 3.cxd5 cxd5 4.exd5 Nf6 5.Nc3 Nxd5 6.Nf3 e6 7.Bc4 Be7 8.O-O O-O
9.d4 Nc6 10.Re1 b6 11.a3 Bf6 12.Qd3 Bb7 13.Nxd5 exd5 14.Ba2 Qd7 15.Bd2 Rfe8
16.Qb5 Red8 17.Bxd5 Nxd4 18.Qxd7 Rxd7 19.Bxb7  1/2-1/2

[Event "TCh-BEL 2010-11"]
[Site "Belgium BEL"]
[Date "2010.11.07"]
[Round "3.8"]
[White "Trella,T"]
[Black "Russo,Jul"]
[Result "1-0"]
[WhiteElo "2395"]
[BlackElo "2091"]

1.c4 c6 2.g3 d5 3.Nf3 Nf6 4.Bg2 dxc4 5.O-O Nbd7 6.Qc2 Nb6 7.Na3 Be6 8.Ne5 Qd4
9.Nxc6 bxc6 10.Bxc6+ Bd7 11.Bxa8 Nxa8 12.Qxc4 Qb6 13.d4 e6 14.Rd1 Be7 15.Qd3 Bc6
16.Nc4 Qd8 17.Ne5 Be4 18.Qb5+ Kf8 19.f3 Nc7 20.Qa4 Ba8 21.e4 h5 22.Be3 h4
23.g4 h3 24.Rac1 Nxe4 25.fxe4 Bxe4 26.Qd7 Qxd7 27.Nxd7+ Ke8 28.Rxc7 Rh4  1-0

[Event "TCh-CZE 2010-11"]
[Site "Frydek Mistek CZE"]
[Date "2010.11.07"]
[Round "2.2"]
[White "Jurcik,Mari"]
[Black "Rausis,I"]
[Result "1/2-1/2"]
[WhiteElo "2471"]
[BlackElo "2482"]

1.c4 c6 2.Nf3 Nf6 3.Nc3 d5 4.e3 a6 5.d4 Bf5 6.Bd3 e6 7.Bxf5 exf5 8.cxd5 cxd5
9.Ne5 Be7 10.Qa4+ Nbd7 11.Nxd7 Qxd7 12.Qxd7+ Kxd7 13.Bd2 Rac8 14.f3 Rc4 15.Ke2 Rhc8
16.Kd3 b5 17.Rhc1 Bb4 18.Ne2 Bd6 19.h3 h5 20.b3 Rxc1 21.Rxc1 Rxc1 22.Nxc1 Ng8
23.Ne2 Ne7 24.Nc3  1/2-1/2

[Event "TCh-SUI 2010"]
[Site "Switzerland SUI"]
[Date "2010.11.07"]
[Round "9.3"]
[White "Zueger,B"]
[Black "Moor,O"]
[Result "1/2-1/2"]
[WhiteElo "2425"]
[BlackElo "2435"]

1.c4 c6 2.Nf3 d5 3.e3 Nf6 4.Nc3 a6 5.b3 g6 6.Bb2 Bg7 7.Be2 O-O 8.O-O b5 9.Rc1 Bb7
10.Rc2 Nbd7 11.cxd5 cxd5 12.Qa1 Qb6 13.Rfc1 Qd6 14.Nd1 Rfc8 15.Ne5 Rxc2 16.Rxc2 Rc8
17.Rxc8+ Bxc8 18.Qc1 Bb7 19.f4 Bf8 20.Bd4 Ne4 21.Nf2 Nxe5 22.Bxe5 Qc6 23.Qxc6 Bxc6
24.Nxe4 dxe4 25.Kf2  1/2-1/2

[Event "Magistral Barcelona"]
[Site "Barcelona ESP"]
[Date "2010.11.11"]
[Round "8"]
[White "Hess,Ro"]
[Black "Cuartas,Ja"]
[Result "0-1"]
[WhiteElo "2602"]
[BlackElo "2534"]

1.c4 c6 2.e4 e5 3.Nf3 Nf6 4.Nc3 Bb4 5.Nxe5 O-O 6.Nd3 Bxc3 7.dxc3 Nxe4 8.Be2 d5
9.cxd5 Qxd5 10.O-O Bf5 11.Be3 Nd7 12.Qb3 Qxb3 13.axb3 Rfe8 14.Ra5 Be6 15.c4 Nef6
16.h3 a6 17.Nf4 Nf8 18.b4 Rad8 19.Rc1 h6 20.Bf3 Bc8 21.b5 axb5 22.cxb5 g5
23.Nh5 Nxh5 24.bxc6 Ng3 25.c7 Rd3 26.Ra8 Ne6 27.Kh2 Nf5 28.Be4 Rxe3 29.fxe3 Nd6
30.Bd5 Kf8 31.e4 f6 32.Bxe6 Bxe6 33.Rd8 Ke7 34.Rd1 Nf7 35.Rxe8+ Kxe8 36.Kg3 Ke7
37.Kf2 Nd6 38.Ke3 Bc8 39.Kd4 Nb5+ 40.Kc5 Nxc7 41.Kb6 Ne8 42.b4 h5 43.Rc1 Nd6
44.Kc7 Be6 45.Re1 b5 46.Kc6 Bc4 47.Kc5 Ke6 48.Kd4 h4 49.Ra1 Nf7 50.Ra6+ Ke7
51.Ra7+ Kf8 52.Ra8+ Kg7 53.Ra3 Ne5 54.Ra7+ Kg6 55.Ra6 Nd3 56.Kc3 Kf7 57.Ra1 Nf4
58.Kd4 Nxg2 59.e5 Nf4  0-1

[Event "Schachbundesliga 2010-11"]
[Site "Eppingen GER"]
[Date "2010.11.13"]
[Round "3"]
[White "Bindrich,F"]
[Black "Fiebig,T"]
[Result "1/2-1/2"]
[WhiteElo "2507"]
[BlackElo "2453"]

1.c4 c6 2.e4 d5 3.exd5 cxd5 4.d4 Nf6 5.Nc3 e6 6.Nf3 Bb4 7.cxd5 Nxd5 8.Bd2 Nc6
9.Bd3 O-O 10.O-O Be7 11.Re1 Bf6 12.Ne4 Nxd4 13.Nxf6+ Qxf6 14.Ng5 Nf5 15.g4 h6
16.Ne4 Qd4 17.Bc3 Nxc3 18.bxc3 Qd8 19.gxf5 exf5 20.Ng3 f4 21.Ne4 Be6 22.Qf3 Rc8
23.Rad1 Qh4 24.Bc2 Bxa2 25.Rd4 Be6 26.Ng3 Qf6 27.Qe4 g6 28.Qxf4 Qxf4 29.Rxf4 Rxc3
30.Bxg6 fxg6 31.Rxf8+ Kxf8 32.Rxe6 Rc6 33.Re5 a6 34.Ra5 Ke7 35.Ne4 b5 36.f3 Kd8
37.Kf2 Kc7 38.Ke3 Kb6 39.Ra2 a5 40.Kd4 b4 41.Kd5 Rc1 42.Nd2 Rd1 43.Kc4 Rc1+
44.Kd4 Rd1 45.Kc4 Rc1+ 46.Kd4 Rd1 47.Kc4  1/2-1/2

[Event "Schachbundesliga 2010-11"]
[Site "Eppingen GER"]
[Date "2010.11.14"]
[Round "4"]
[White "Svidler,P"]
[Black "Giri,A"]
[Result "1/2-1/2"]
[WhiteElo "2731"]
[BlackElo "2677"]

1.c4 c6 2.e4 d5 3.exd5 cxd5 4.d4 Nf6 5.Nc3 Nc6 6.Bg5 dxc4 7.Nf3 h6 8.Bxf6 exf6
9.Bxc4 Bd6 10.O-O O-O 11.h3 Bf5 12.Bd3 Qd7 13.Bxf5 Qxf5 14.Qb3 Rab8 15.Rfe1 Rfd8
16.Rad1 a6 17.a3 Bf8 18.d5 Ne5 19.Nxe5 fxe5 20.Ne4 Qg6 21.Qf3 Rd7 22.h4 h5
23.Ng3 Bd6 24.Nf5 Re8 25.Re4 f6 26.Kh1 Qh7 27.Rc4 g6 28.Nxd6 Rxd6 29.Rdc1 Qf7
30.Rc7  1/2-1/2

[Event "III Iberoamerican A"]
[Site "Mexico City MEX"]
[Date "2010.11.14"]
[Round "2"]
[White "Narciso Dublan,M"]
[Black "Santos Flores,A"]
[Result "1/2-1/2"]
[WhiteElo "2536"]
[BlackElo "2338"]

1.c4 c6 2.Nf3 d5 3.g3 Nf6 4.Bg2 Bg4 5.Ne5 Be6 6.cxd5 Bxd5 7.Nf3 c5 8.Nc3 Bc6
9.O-O e6 10.d4 Nbd7 11.Be3 Be7 12.dxc5 Bxc5 13.Bxc5 Nxc5 14.b4 Nce4 15.Nxe4 Bxe4
16.Qa4+ Qd7 17.Qxd7+ Kxd7 18.Ne5+ Ke7 19.f3 Bc2 20.Rfc1 Rac8 21.e4 Nd7 22.Ng4 g5
23.Ne3  1/2-1/2

[Event "16th Asian Games Rapid"]
[Site "Guangzhou CHN"]
[Date "2010.11.15"]
[Round "7"]
[White "Bu Xiangzhi"]
[Black "Ni Hua"]
[Result "1-0"]
[WhiteElo "2680"]
[BlackElo "2633"]

1.c4 c6 2.Nf3 Nf6 3.Nc3 d5 4.e3 a6 5.Qc2 e6 6.d4 c5 7.cxd5 exd5 8.Be2 Nc6
9.Ne5 Qc7 10.Nxc6 Qxc6 11.dxc5 Qxc5 12.Bd2 Bd6 13.Rc1 O-O 14.Qb3 Be5 15.Na4 Qe7
16.Nb6 Rb8 17.Bb4 Bd6 18.Bxd6 Qxd6 19.Nxc8 Rbxc8 20.O-O b5 21.Rcd1 Rc5 22.Bf3 Qe5
23.Rd4 Rfc8 24.Rfd1 Rc4 25.R4d2 R8c5 26.Qa3 Qe6 27.h3 Rc1 28.b3 Rxd1+ 29.Rxd1 Rc2
30.Qa5 h6 31.a4 bxa4 32.bxa4 Qc6 33.Bxd5 Nxd5 34.Qd8+ Kh7 35.Qxd5 Qg6 36.Rd4 Rc6
37.Rf4 Rf6 38.Rxf6 Qxf6 39.Qe4+ g6 40.f4 h5 41.Kh2 Qd6 42.a5 Qc5 43.Qe5 Qc8
44.Qf6 Kg8 45.e4 Qc7 46.e5 Qxa5 47.e6 Qc7 48.e7 Qd7 49.Kg3 a5 50.Kh4 Qe8
51.Qd6 Kg7 52.Qd8 Qa4 53.Qf8+ Kf6 54.e8=N+  1-0

[Event "16th Asian Games Rapid"]
[Site "Guangzhou CHN"]
[Date "2010.11.16"]
[Round "8"]
[White "Bu Xiangzhi"]
[Black "Kasimdzhanov,R"]
[Result "0-1"]
[WhiteElo "2680"]
[BlackElo "2685"]

1.c4 c6 2.Nf3 d5 3.e3 Nf6 4.Nc3 e6 5.b3 Nbd7 6.Bb2 b6 7.d4 Bb7 8.Bd3 g6 9.O-O Bg7
10.Ba3 dxc4 11.bxc4 c5 12.e4 O-O 13.Rb1 cxd4 14.Nxd4 Ne5 15.Be2 Nxe4 16.Nxe4 Bxe4
17.Rb3 Re8 18.Re3 Bb7 19.Nb5 Qxd1 20.Rxd1 Red8 21.Bd6 Nc6 22.Red3 Na5 23.c5 bxc5
24.Bc7 Rxd3 25.Bxd3 c4 26.Be2 Bc6 27.Nd4 Ba4 28.Rd2 c3 29.Rd3 Bxd4 30.Rxd4 c2  0-1

[Event "VI World Blitz"]
[Site "Moscow RUS"]
[Date "2010.11.17"]
[Round "23.3"]
[White "Grischuk,A"]
[Black "Aronian,L"]
[Result "0-1"]
[WhiteElo "2771"]
[BlackElo "2801"]

1.c4 c6 2.Nf3 d5 3.g3 dxc4 4.Bg2 Nd7 5.O-O Nb6 6.Qc2 Qd5 7.Nc3 Qf5 8.e4 Qh5
9.a4 Bg4 10.Ne1 Nf6 11.d3 e5 12.Be3 Be7 13.a5 cxd3 14.Nxd3 Nbd7 15.f3 Be6
16.Ne2 O-O 17.Rae1 g5 18.g4 Qg6 19.Ng3 Rfe8 20.Nf5 Bxf5 21.gxf5 Qh5 22.Qc1 Kh8
23.Bf2 g4 24.Bg3 Rad8 25.Kh1 Bf8 26.f4 exf4 27.Bxf4 Bg7 28.Bc7 Rc8 29.Bg3 Qh6
30.Bf4 Qh4 31.Bg5 Qh5 32.Nf4 Qxg5 33.Ng6+ Qxg6 34.fxg6 fxg6 35.Qg5 Re5 36.Qd2 Rce8
37.b4 Rh5 38.Qf4 Ne5 39.Rd1 Rf8 40.Qg3 Nf3 41.Bxf3 gxf3 42.Qxf3 Re5 43.Qg2 Rfe8
44.Rd6 Nxe4 45.Rd7 Rg5 46.Qf3 Rf5 47.Qg2 Rg5 48.Qf3 Rf5 49.Qg2 Rg5 50.Qc2 Rh5
51.Rd3 Be5 52.Re3 Ng3+ 53.Rxg3 Bxg3  0-1

[Event "VI World Blitz"]
[Site "Moscow RUS"]
[Date "2010.11.17"]
[Round "25.4"]
[White "Grischuk,A"]
[Black "Grachev,B"]
[Result "1-0"]
[WhiteElo "2771"]
[BlackElo "2654"]

1.c4 c6 2.Nf3 d5 3.e3 Nf6 4.Nc3 e6 5.b3 b6 6.Bb2 Bb7 7.Be2 Bd6 8.Qc2 O-O
9.cxd5 exd5 10.O-O Nbd7 11.d4 Qe7 12.Rfd1 Ba3 13.Bxa3 Qxa3 14.Rac1 Rfe8 15.Bd3 g6
16.g3 Rac8 17.Bf1 Qd6 18.Bh3 Rcd8 19.Qb2 Kg7 20.b4 b5 21.a4 a6 22.a5 Bc8
23.Bg2 Kg8 24.Ne2 Ne4 25.Nf4 f6 26.Rc2 Bb7 27.Rdc1 Kg7 28.h4 Qe7 29.Rxc6 Bxc6
30.Rxc6 Nb8 31.Ne6+ Qxe6 32.Rxe6 Rxe6 33.Ne1 Rc6 34.Nd3 Rc4 35.Bxe4 dxe4
36.Nc5 Rc8 37.d5 Kf7 38.g4 Rd8 39.g5 fxg5 40.Qe5 gxh4 41.Qe6+ Kf8 42.Qf6+ Ke8
43.Qe6+ Kf8 44.d6 Nc6 45.d7 Rc1+ 46.Kg2 h3+ 47.Kxh3 Rh1+ 48.Kg2  1-0

[Event "1st Open"]
[Site "Brno CZE"]
[Date "2010.11.19"]
[Round "8"]
[White "Ingason,S"]
[Black "Kredl,K"]
[Result "0-1"]
[WhiteElo "1887"]
[BlackElo "2086"]

1.c4 c6 2.b3 d5 3.Bb2 Nf6 4.Nf3 Bg4 5.g3 e6 6.Bg2 Nbd7 7.O-O Bd6 8.d3 O-O
9.Nbd2 Qe7 10.e4 dxe4 11.dxe4 e5 12.Qc2 Rfe8 13.Rfe1 a5 14.a3 b5 15.cxb5 cxb5
16.Qc6 Rab8 17.Rec1 Rb6 18.Qc2 h6 19.Nf1 Bxf3 20.Bxf3 Bc5 21.Qd2 b4 22.a4 Rd6
23.Qe2 Bd4 24.Ne3 Bxe3 25.Qxe3 Rd8 26.Rc7 Qe6 27.Be2 Nb6 28.Rc5 Nfd7 29.Rxa5 Rc8
30.Rc1 Rdc6 31.Rb5 Rxc1+ 32.Bxc1 Rc3 33.Qd2 Qc6 34.Bc4 Nxc4 35.bxc4 Rxc4
36.Bb2 Rxe4 37.Rxb4 Nc5 38.Rb8+ Kh7 39.Qc2 f5 40.Qc3 Qd6 41.Rb4 Nxa4 42.Rxa4 Rxa4
43.Qc2 Qd7 44.Bxe5 Re4 45.Qc3 Qd1+ 46.Kg2 Qd5  0-1

[Event "TCh-NED"]
[Site "Netherlands NED"]
[Date "2010.11.20"]
[Round "3.1"]
[White "Van der Sterren,P"]
[Black "Lemmers,O"]
[Result "1-0"]
[WhiteElo "2535"]
[BlackElo "2395"]

1.c4 c6 2.e4 d5 3.exd5 cxd5 4.cxd5 Nf6 5.Nc3 Nxd5 6.Nf3 g6 7.Bc4 Nb6 8.Bb3 Bg7
9.d4 O-O 10.d5 Bg4 11.h3 Bxf3 12.Qxf3 N8d7 13.Bg5 Nc5 14.Rd1 Nxb3 15.axb3 Nc8
16.O-O Nd6 17.Rfe1 Re8 18.g4 Qd7 19.Re3 Rac8 20.Qe2 Bf6 21.Bf4 a6 22.Re1 Nb5
23.Nxb5 axb5 24.Be5 Bg5 25.Rd3 Rc5 26.Qf3 Rd8 27.Red1 Rdc8 28.Bc3 R5c7 29.d6 exd6
30.Rxd6 Qe7 31.Qd5 Rc5 32.Qd4 f6 33.Rd7 Qe5 34.Rd8+ Kf7 35.Qd7+ Qe7 36.Rxc8  1-0